| 000 | 01268nam0a22003131 4500 | ||
|---|---|---|---|
| 001 | rc\3245846 | ||
| 005 | 20130115142603.2 | ||
| 021 |
_aRU _b[69-60398] |
||
| 035 | _a(NLR Aleph) 007477636 | ||
| 090 |
_a7482318 _c7482318 |
||
| 100 | _a20130115d1969 |||y0rusy50 ca | ||
| 101 | 1 |
_arus _ceng |
|
| 102 | _aRU | ||
| 105 | _aa z ||||| | ||
| 200 | 1 |
_aПроектирование с учетом усталости _fПер. с англ. д-ра техн. наук В.П. Григорьева [и др.] _gПод ред. чл.-кор. АН СССР И.Ф. Образцова |
|
| 210 |
_aМосква _cМашиностроение _d1969 |
||
| 215 |
_a504 с. _cил. _d22 |
||
| 300 | _aДоп. тит. л.: Designing against fatique R.B. Heywood | ||
| 320 | _aБиблиогр.: с. 450-500 (1360 назв.) | ||
| 513 | 0 | _aDesigning against fatique | |
| 606 |
_aМашиностроительные конструкции _xУсталостная прочность _xУчет при проектировании _2psbo |
||
| 700 | 1 |
_aХэйвуд _bР. Б. |
|
| 702 | 1 |
_aГригорьев _bП. _4730 |
|
| 702 | 1 |
_aОбразцова _bИ. Ф. _4340 |
|
| 801 | 0 |
_aRU _bNLR _gpsbo |
|
| 801 | 1 |
_aRU _bELAR _2rusmarc |
|
| 852 |
_aNLR _j69-5/3568 |
||
| 942 | _cBOOK | ||
| 980 | _aNB | ||